20 Least Populous Capitals of the World - Statistics

General Stats
  • This quiz has been taken 38 times
  • The average score is 14 of 20
Answer Stats
Hint Answer % Correct
~800 Vatican City
100%
~40,700 Monaco
92%
~4,100 San Marino
89%
~24,700 Andorra la Vella
84%
~5,800 Vaduz
84%
~21,300 Saint John's
78%
~6,000 (city proper) Valletta
76%
~22,000 Nuku'alofa
73%
~17,700 Basseterre
70%
~7,500 Funafuti
70%
~300 Ngerulmud
70%
~34,000 Majuro
65%
~7,000 Palikir
65%
~14,500 Roseau
57%
~1,000 (de facto) Yaren
57%
~30,100 Belmopan
54%
~37,000 Castries
54%
~26,000 Victoria
51%
~13,100 Kingstown
43%
~4,000 (relocated capital as of 2026; meant to accommodate ~200,000) Ciudad de la Paz
38%
No matching quizzes found
Score Distribution
Percent of People with Each Score
Percentile by Number Answered
Your Score History
You have not taken this quiz